[Event "DEM U10/U10w 2000"]
[Site "Überlingen GER"]
[Date "2000.06.05"]
[Round "3"]
[White "Ugur, Özgür"]
[Black "Cammann, Tim"]
[Result "1/2-1/2"]
[Termination "normal"]
[Board "38"]
[WhiteElo "183"]
[BlackElo "266"]
[PlyCount "558"]
[EventCountry "GER"]
[EventRounds "11"]
[EventType "swiss"]
[EventDate "2000.06.03"]

1. e4 e5 2. Nf3 Nc6 3. Bc4 Nf6 4. Nc3 Bb4 5. d3 Nd4 6. Be3 c5 7. O-O O-O 8. a3
Bxc3 9. bxc3 Nxf3+ 10. Qxf3 d6 11. h3 Qa5 12. Qd1 Qxc3 13. Bd2 Qb2 14. Ra2 Qb6
15. Qf3 Qd8 16. Qg3 Ne8 17. Bh6 Bd7 18. Be3 b5 19. Bb3 a5 20. c3 a4 21. Bc2 Qa5
22. Bd2 Rb8 23. Qe3 Be6 24. Rb2 Nf6 25. Rfb1 Bd7 26. c4 Qa6 27. cxb5 Bxb5 28.
Bc3 Rb7 29. Qd2 Rfb8 30. Qd1 h6 31. Bd2 d5 32. exd5 Nxd5 33. Qg4 Bd7 34. Rxb7
Rxb7 35. Qd1 Rxb1 36. Qxb1 Qb5 37. Qe1 f6 38. Qe4 Qc6 39. Bxa4 Qxa4 40. Qxd5+
Kh7 41. Qa2 Bb5 42. Be3 Qd1+ 43. Kh2 Qxd3 44. Bxc5 Qc4 45. Qxc4 Bxc4 46. Kg3
Kg8 47. Kg4 Kf7 48. Kh5 Be2+ 49. Kh4 g5+ 50. Kg3 h5 51. f3 f5 52. Be3 f4+ 53.
Kf2 Bd3 54. Bd2 Kf6 55. Ke1 Kf5 56. Kf2 h4 57. Ke1 e4 58. fxe4+ Bxe4 59. Kf2 g4
60. a4 g3+ 61. Kg1 Bd5 62. a5 Bc4 63. a6 Bxa6 64. Bxf4 Kxf4 65. Kh1 Bc8 66. Kg1
Bb7 67. Kh1 Bxg2+ 68. Kxg2 Ke3 69. Kg1 Ke2 70. Kg2 Ke1 71. Kg1 Ke2 72. Kg2 Ke3
73. Kg1 Ke4 74. Kg2 Kf4 75. Kg1 Kf5 76. Kg2 Ke4 77. Kg1 Ke5 78. Kg2 Kf4 79. Kg1
Kf3 80. Kf1 Ke3 81. Kg1 Ke2 82. Kg2 Ke3 83. Kg1 Kf4 84. Kg2 Ke4 85. Kg1 Kd5 86.
Kg2 Ke4 87. Kg1 Kd3 88. Kh1 Kc3 89. Kg2 Kd2 90. Kh1 Kd3 91. Kg1 Kc4 92. Kg2 Kd5
93. Kh1 Ke6 94. Kg2 Kf7 95. Kf3 Kg6 96. Kg2 Kh5 97. Kf3 Kh6 98. Kg2 Kh7 99. Kg1
Kg8 100. Kh1 Kf8 101. Kg2 Ke8 102. Kg1 Kd8 103. Kh1 Kc8 104. Kg2 Kb8 105. Kg1
Ka8 106. Kg2 Ka7 107. Kg1 Ka6 108. Kg2 Ka5 109. Kg1 Ka4 110. Kg2 Ka3 111. Kg1
Ka2 112. Kg2 Ka1 113. Kg1 Kb1 114. Kg2 Kc1 115. Kg1 Kb2 116. Kg2 Kb3 117. Kg1
Kb4 118. Kg2 Kb5 119. Kg1 Kb6 120. Kg2 Kb7 121. Kg1 Kb8 122. Kg2 Kc8 123. Kg1
Kc7 124. Kf1 Kc6 125. Kg2 Kc5 126. Kg1 Kc4 127. Kg2 Kc3 128. Kg1 Kc2 129. Kg2
Kc1 130. Kg1 Kd1 131. Kh1 Kd2 132. Kg2 Kd3 133. Kh1 Kd4 134. Kg2 Kd5 135. Kg1
Kd6 136. Kg2 Kd7 137. Kg1 Kd8 138. Kg2 Ke8 139. Kg1 Ke7 140. Kg2 Ke6 141. Kg1
Ke5 142. Kg2 Ke4 143. Kg1 Ke3 144. Kh1 Kf4 145. Kg2 Kg5 146. Kf3 Kh6 147. Kg2
Kh7 148. Kg1 Kg7 149. Kg2 Kf7 150. Kg1 Ke7 151. Kg2 Kd7 152. Kg1 Kc7 153. Kg2
Kb7 154. Kg1 Ka7 155. Kg2 Ka6 156. Kg1 Kb6 157. Kg2 Kc6 158. Kg1 Kd6 159. Kg2
Ke6 160. Kg1 Kf6 161. Kg2 Kg6 162. Kg1 Kh5 163. Kg2 Kg5 164. Kg1 Kf5 165. Kg2
Ke5 166. Kg1 Kd5 167. Kg2 Kc5 168. Kg1 Kb5 169. Kg2 Ka5 170. Kg1 Ka4 171. Kg2
Ka3 172. Kg1 Ka2 173. Kg2 Kb2 174. Kg1 Kc2 175. Kg2 Kd2 176. Kg1 Kd3 177. Kg2
Kd4 178. Kg1 Kd5 179. Kg2 Kd6 180. Kg1 Kd7 181. Kg2 Kd8 182. Kf1 Ke8 183. Kg1
Kf8 184. Kg2 Kg8 185. Kg1 Kh8 186. Kg2 Kh7 187. Kg1 Kh6 188. Kg2 Kh5 189. Kg1
Kg5 190. Kg2 Kf5 191. Kg1 Ke5 192. Kg2 Kd5 193. Kg1 Kc6 194. Kg2 Kb5 195. Kg1
Kb4 196. Kg2 Kc4 197. Kg1 Kd3 198. Kg2 Ke4 199. Kg1 Ke5 200. Kg2 Kf6 201. Kf1
Kf7 202. Kg1 Kg7 203. Kg2 Kf6 204. Kg1 Ke7 205. Kg2 Kd7 206. Kf3 Kc6 207. Ke2
Kc5 208. Kf1 Kc4 209. Kg2 Kb4 210. Kg1 Kb5 211. Kg2 Kc6 212. Kg1 Kd7 213. Kg2
Ke7 214. Kg1 Kd6 215. Kg2 Kc7 216. Kg1 Kb6 217. Kg2 Ka5 218. Kg1 Ka6 219. Kg2
Ka7 220. Kg1 Ka8 221. Kg2 Kb8 222. Kg1 Kc8 223. Kg2 Kd8 224. Kg1 Ke8 225. Kg2
Kf8 226. Kg1 Kg8 227. Kg2 Kh7 228. Kg1 Kg6 229. Kg2 Kf5 230. Kg1 Ke6 231. Kg2
Kd6 232. Kg1 Kc7 233. Kg2 Kd8 234. Kg1 Ke7 235. Kg2 Kf7 236. Kg1 Ke6 237. Kg2
Kd5 238. Kg1 Kc4 239. Kg2 Kb3 240. Kg1 Kc4 241. Kg2 Kc3 242. Kg1 Kb4 243. Kg2
Ka5 244. Kg1 Kb6 245. Kh1 Kc7 246. Kg1 Kd8 247. Kh1 Ke8 248. Kg1 Kd7 249. Kg2
Kc6 250. Kg1 Kb6 251. Kf1 Kc5 252. Kg2 Kd5 253. Kg1 Kd4 254. Kg2 Kd5 255. Kg1
Ke6 256. Kg2 Kf7 257. Kg1 Kf6 258. Kg2 Kf5 259. Kg1 Ke5 260. Kg2 Kd5 261. Kg1
Kc4 262. Kf1 Kd5 263. Kg2 Kc6 264. Kg1 Kb5 265. Kg2 Kb4 266. Kg1 Kc5 267. Kg2
Kd6 268. Kg1 Ke5 269. Kg2 Kd5 270. Kg1 Kc4 271. Kg2 Kc3 272. Kg1 Kb3 273. Kg2
Kc4 274. Kg1 Kd3 275. Kh1 Ke4 276. Kg2 Ke5 277. Kg1 Ke6 278. Kg2 Kf6 279. Kg1
Kg7 1/2-1/2

[Event "DEM U10/U10w 2000"]
[Site "Überlingen GER"]
[Date "2000.06.05"]
[Round "3"]
[White "Mucha, Annegret"]
[Black "Fischer, Sven"]
[Result "1/2-1/2"]
[Termination "normal"]
[Board "40"]
[WhiteElo "485"]
[BlackElo "1028"]
[PlyCount "103"]
[WhiteFideId "24622788"]
[EventCountry "GER"]
[EventRounds "11"]
[EventType "swiss"]
[EventDate "2000.06.03"]

1. e4 c5 2. Nf3 Nc6 3. d4 cxd4 4. Nxd4 g6 5. Be3 Bg7 6. Nc3 Nf6 7. Be2 d6 8.
O-O Bd7 9. Qd2 O-O 10. Rad1 Rc8 11. f4 Ng4 12. Nxc6 Bxc3 13. Nxd8 Bxd2 14. Bxd2
Rfxd8 15. c3 a6 16. h3 Nf6 17. Bd3 Bc6 18. Rde1 b5 19. Rf3 Rd7 20. Rg3 Rcd8 21.
f5 Kg7 22. b3 Bb7 23. Bg5 Nh5 24. Rge3 h6 25. Bh4 g5 26. Bf2 Nf6 27. Kh2 Kg8
28. g4 Rc7 29. c4 b4 30. R3e2 Rc6 31. Rc1 Nd7 32. Kg3 f6 33. h4 Nc5 34. Bb1 a5
35. Rh1 Rcc8 36. Bd4 Kg7 37. h5 Ra8 38. Rd1 Bc6 39. Kf3 a4 40. Bxc5 dxc5 41.
Rxd8 Rxd8 42. Ke3 axb3 43. axb3 Kf7 44. Rd2 Rxd2 45. Kxd2 e6 46. Ke3 Ke7 47.
Bd3 Kd6 48. Bc2 Ke5 49. Bb1 exf5 50. exf5 Bg2 51. Bc2 Bh3 52. Bd1 1/2-1/2

[Event "DEM U10/U10w 2000"]
[Site "Überlingen GER"]
[Date "2000.06.05"]
[Round "3"]
[White "Fröschle, Luzie"]
[Black "Farnbacher, Christa"]
[Result "1-0"]
[Termination "normal"]
[Board "42"]
[WhiteElo "876"]
[BlackElo "348"]
[PlyCount "159"]
[WhiteFideId "24631221"]
[EventCountry "GER"]
[EventRounds "11"]
[EventType "swiss"]
[EventDate "2000.06.03"]

1. e4 c5 2. Nf3 Nc6 3. d4 cxd4 4. Nxd4 Nf6 5. Nc3 e6 6. Bg5 Be7 7. Nf3 O-O 8.
Be2 Qb6 9. Rb1 Ng4 10. O-O f6 11. Nd2 fxg5 12. Bxg4 Rf6 13. Qe2 Qc7 14. Qe3 Rh6
15. h3 Ne5 16. Be2 g4 17. Qf4 gxh3 18. g3 h2+ 19. Kg2 Bd6 20. Qe3 b6 21. Rh1
Bc5 22. Qg5 Nf7 23. Qg4 e5 24. Rxh2 d5 25. Qf3 Ng5 26. Qd3 Bh3+ 27. Kg1 Qf7 28.
Qxd5 Qxd5 29. Nxd5 Rd8 30. Nb3 Nxe4 31. Bd3 Nxg3 32. Bc4 Kf8 33. Nc7 Rdd6 34.
Nxc5 bxc5 35. fxg3 Rdg6 36. Rf2+ Rf6 37. Rxf6+ Rxf6 38. Kh2 Rh6 39. Kg1 Rc6 40.
Nd5 e4 41. Re1 Bf5 42. Rf1 g6 43. g4 e3 44. Nxe3 Ke7 45. gxf5 a5 46. Nd5+ Kd7
47. f6 Kd6 48. f7 Rc8 49. f8=Q+ Rxf8 50. Rxf8 h5 51. Kf2 g5 52. Rg8 h4 53. Rxg5
h3 54. Rh5 a4 55. Rxh3 a3 56. Rxa3 Ke6 57. Ke3 Ke5 58. Ra4 Kf5 59. Be2 c4 60.
Rxc4 Ke5 61. Nc3 Kf5 62. Ra4 Ke5 63. Ra5+ Kd6 64. Ke4 Kc6 65. Rh5 Kd6 66. Bf1
Ke6 67. Rh6+ Kf7 68. Kf5 Ke7 69. Ra6 Kd7 70. Ke5 Kc7 71. Kd5 Kb7 72. Kc5 Kb8
73. Kc6 Kc8 74. Ra7 Kd8 75. Nd5 Ke8 76. Kd6 Kf8 77. Ke6 Kg8 78. Kf6 Kh8 79. Kg6
Kg8 80. Ra8# 1-0

[Event "DEM U10/U10w 2000"]
[Site "Überlingen GER"]
[Date "2000.06.05"]
[Round "3"]
[White "Hoffmann, Lena"]
[Black "Gremmer, Jan"]
[Result "1-0"]
[Termination "normal"]
[Board "43"]
[WhiteElo "233"]
[BlackElo "855"]
[PlyCount "95"]
[WhiteFideId "24626597"]
[EventCountry "GER"]
[EventRounds "11"]
[EventType "swiss"]
[EventDate "2000.06.03"]

1. e4 e5 2. Nf3 Nc6 3. Bc4 Nf6 4. Nc3 Bc5 5. d3 d6 6. h3 O-O 7. O-O Be6 8. Bxe6
fxe6 9. Ng5 Nd4 10. Ne2 Qe7 11. Be3 d5 12. c3 Nxe2+ 13. Qxe2 Bxe3 14. Qxe3 Nh5
15. Nf3 Qf6 16. exd5 exd5 17. Nxe5 Rae8 18. Rae1 Rxe5 19. Qxe5 Qxe5 20. Rxe5
Nf6 21. Re7 Rc8 22. b4 b5 23. Ra1 Kf8 24. Re6 Kf7 25. Rc6 Ke7 26. a4 Kd7 27.
axb5 Rb8 28. Rxa7 Rxb5 29. Raxc7+ Kd8 30. Rxg7 Ne8 31. Rxh7 Rb8 32. Re6 Nc7 33.
Rh8+ Kd7 34. Rxb8 Nxe6 35. b5 Kc7 36. Re8 Nc5 37. d4 Nb7 38. g4 Nd6 39. Re7+
Kd8 40. Re5 Kc7 41. Rxd5 Kd7 42. b6 Kc6 43. Rh5 Kxb6 44. Rh6 Kc7 45. g5 Nf5 46.
Rf6 Ng7 47. Rf7+ Kc6 48. Rxg7 1-0

[Event "DEM U10/U10w 2000"]
[Site "Überlingen GER"]
[Date "2000.06.05"]
[Round "3"]
[White "Winkelmann, Elena"]
[Black "Braun, Konstantin"]
[Result "1-0"]
[Termination "normal"]
[Board "45"]
[WhiteElo "741"]
[BlackElo "170"]
[PlyCount "33"]
[WhiteFideId "24607630"]
[EventCountry "GER"]
[EventRounds "11"]
[EventType "swiss"]
[EventDate "2000.06.03"]

1. d4 d5 2. c4 dxc4 3. e4 Nf6 4. e5 Nd5 5. Bxc4 Bf5 6. Qb3 e6 7. Nf3 Nc6 8. O-O
Na5 9. Qa4+ Nc6 10. Bxd5 exd5 11. Nc3 Bb4 12. Qb3 Be4 13. Nxe4 dxe4 14. Ng5
Qxd4 15. Qxf7+ Kd8 16. Ne6+ Kc8 17. Qxc7# 1-0

[Event "DEM U10/U10w 2000"]
[Site "Überlingen GER"]
[Date "2000.06.05"]
[Round "4"]
[White "Bentz, Matthias"]
[Black "Schlötzer, Waldemar"]
[Result "0-1"]
[Termination "normal"]
[Board "1"]
[WhiteElo "1623"]
[BlackElo "1199"]
[PlyCount "136"]
[BlackFideId "24602140"]
[EventCountry "GER"]
[EventRounds "11"]
[EventType "swiss"]
[EventDate "2000.06.03"]

1. e4 c5 2. c3 Nc6 3. d4 cxd4 4. cxd4 d6 5. Nc3 Nf6 6. Nf3 g6 7. Bb5 Bd7 8. O-O
Bg7 9. Be3 O-O 10. Qd2 Ng4 11. Bf4 e5 12. dxe5 dxe5 13. Bg3 a6 14. Bxc6 Bxc6
15. Qxd8 Raxd8 16. h3 Nf6 17. Rfe1 Nd7 18. Rad1 f6 19. Nd5 Kh8 20. Ne7 Bb5 21.
b3 a5 22. Nd5 Nc5 23. Nc3 Bd3 24. Nd2 Bc2 25. Rc1 Rxd2 26. Re2 Rxe2 27. Nxe2
Bd3 28. Rxc5 Bxe2 29. Rxa5 Ba6 30. b4 Rc8 31. f3 Bf8 32. a3 Rc1+ 33. Kh2 Rb1
34. Bf2 Bd6 35. Rd5 Bc7 36. Rd7 Rc1 37. Bc5 b6 38. Rxc7 bxc5 39. Rxc5 Rxc5 40.
bxc5 Kg8 41. Kg1 Kf7 42. Kf2 Ke7 43. g3 Kd7 44. Ke3 Kc6 45. f4 Kxc5 46. g4 Kc4
47. g5 fxg5 48. f5 gxf5 49. exf5 Kc5 50. Ke4 Kd6 51. f6 Bc8 52. f7 Ke7 53. Kxe5
Kxf7 54. a4 Bxh3 55. a5 Bg2 56. Kf5 h6 57. Kg4 Kg6 58. a6 h5+ 59. Kg3 Ba8 60.
Kh3 g4+ 61. Kh4 Kh6 62. a7 Kg6 63. Kg3 Kg5 64. Kh2 h4 65. Kg1 g3 66. Kf1 h3 67.
Kg1 h2+ 68. Kf1 h1=Q+ 0-1

[Event "DEM U10/U10w 2000"]
[Site "Überlingen GER"]
[Date "2000.06.05"]
[Round "4"]
[White "Rafiee, Makan"]
[Black "Baldauf, Marco"]
[Result "0-1"]
[Termination "normal"]
[Board "2"]
[WhiteElo "1148"]
[BlackElo "1278"]
[PlyCount "94"]
[WhiteFideId "24609340"]
[BlackFideId "4688210"]
[EventCountry "GER"]
[EventRounds "11"]
[EventType "swiss"]
[EventDate "2000.06.03"]

1. e4 c5 2. c3 Nf6 3. e5 Nd5 4. d4 cxd4 5. cxd4 Nc6 6. Nf3 e6 7. Nc3 Nxc3 8.
bxc3 d6 9. Bb5 Qc7 10. Qe2 a6 11. d5 axb5 12. dxc6 bxc6 13. O-O Ba6 14. Rd1 b4
15. Qd2 bxc3 16. Qxc3 d5 17. Bd2 Be7 18. Rac1 Bc4 19. Rc2 Ra3 20. Qd4 O-O 21.
Rdc1 Rfa8 22. h3 c5 23. Qa1 Rxa2 24. Rxa2 Rxa2 25. Qb1 Ra7 26. Qb2 Qb7 27. Rb1
Qxb2 28. Rxb2 h6 29. Be3 Ba2 30. Rb8+ Kh7 31. Rc8 d4 32. Nxd4 cxd4 33. Bxd4 Rd7
34. Bb6 Kg6 35. Rc7 Rxc7 36. Bxc7 Kf5 37. g3 Bc5 38. Kg2 Bd5+ 39. Kf1 Bf3 40.
h4 Bd4 41. Ke1 Bc3+ 42. Kf1 Bxe5 43. Bxe5 Kxe5 44. Ke1 Kd4 45. Kd2 e5 46. Kc2
e4 47. Kd2 Bg4 0-1

[Event "DEM U10/U10w 2000"]
[Site "Überlingen GER"]
[Date "2000.06.05"]
[Round "4"]
[White "Szczap, Arthur"]
[Black "Forchmann, Georg"]
[Result "1-0"]
[Termination "normal"]
[Board "3"]
[WhiteElo "925"]
[BlackElo "1214"]
[PlyCount "47"]
[WhiteFideId "24637394"]
[EventCountry "GER"]
[EventRounds "11"]
[EventType "swiss"]
[EventDate "2000.06.03"]

1. e4 e6 2. d4 d5 3. exd5 exd5 4. Nc3 c6 5. Nf3 Bd6 6. Be2 Ne7 7. O-O Qc7 8. h3
Bf5 9. Bd2 Nd7 10. Re1 O-O-O 11. a3 f6 12. b4 g5 13. b5 h5 14. bxc6 Qxc6 15.
Nb5 Bb8 16. Rc1 a6 17. c4 Qb6 18. cxd5+ Bc7 19. Nxc7 Kb8 20. Bxa6 Ng6 21. Bb5
g4 22. Bxd7 Rxd7 23. Qa4 gxf3 24. Qa8# 1-0

[Event "DEM U10/U10w 2000"]
[Site "Überlingen GER"]
[Date "2000.06.05"]
[Round "4"]
[White "Müller, Reinhold"]
[Black "Zikeli, Saskia"]
[Result "1-0"]
[Termination "normal"]
[Board "4"]
[WhiteElo "1248"]
[BlackElo "1135"]
[PlyCount "101"]
[WhiteFideId "24605875"]
[BlackFideId "24601543"]
[EventCountry "GER"]
[EventRounds "11"]
[EventType "swiss"]
[EventDate "2000.06.03"]

1. d4 Nf6 2. c4 e6 3. Bg5 Bb4+ 4. Nc3 O-O 5. e3 c5 6. Nf3 b6 7. Be2 Bb7 8. O-O
Bxc3 9. bxc3 Nc6 10. Qc2 h6 11. Bh4 Rc8 12. dxc5 bxc5 13. Rab1 Ba6 14. Rfd1 Re8
15. Qa4 Nb8 16. Bg3 Ne4 17. Bxb8 Nxc3 18. Qxa6 Nxe2+ 19. Kf1 Nc3 20. Bxa7 Nxd1
21. Rxd1 Ra8 22. Qb6 Qxb6 23. Bxb6 Rxa2 24. Bxc5 Rc8 25. Bd4 Rxc4 26. g3 Rcc2
27. e4 Ra3 28. Kg2 d6 29. Bb6 Rcc3 30. Ng1 Rc6 31. Be3 Rc4 32. Rxd6 Rxe4 33.
Rd8+ Kh7 34. Rd7 Kg6 35. Nf3 Ra2 36. Bd4 Ra4 37. Be3 f6 38. Bc5 Ra8 39. Nh4+
Kh7 40. Be7 f5 41. Bf6 Rg8 42. Kf3 Kh8 43. Ng6+ Kh7 44. Nf4 Kh8 45. Bc3 Rc4 46.
Bd4 Ra4 47. Nxe6 Ra3+ 48. Kg2 Rd3 49. Bxg7+ Rxg7 50. Rxd3 Re7 51. Nf4 1-0

[Event "DEM U10/U10w 2000"]
[Site "Überlingen GER"]
[Date "2000.06.05"]
[Round "4"]
[White "Lutz, Bernhard"]
[Black "Bindrich, Falko"]
[Result "1-0"]
[Termination "normal"]
[Board "5"]
[WhiteElo "1113"]
[BlackElo "1645"]
[PlyCount "73"]
[WhiteFideId "24628638"]
[BlackFideId "4676670"]
[EventCountry "GER"]
[EventRounds "11"]
[EventType "swiss"]
[EventDate "2000.06.03"]

1. e4 c5 2. f4 Nc6 3. Nf3 g6 4. d4 cxd4 5. Nxd4 Bg7 6. Be3 Nf6 7. Nc3 Qa5 8.
Nb3 Qd8 9. e5 Ng8 10. Bc4 Nh6 11. O-O Nf5 12. Qd5 O-O 13. Qd2 Nxe3 14. Qxe3 a6
15. Nc1 d6 16. Nd3 dxe5 17. Nxe5 Qa5 18. Nd5 e6 19. Nb6 Rb8 20. c3 Nxe5 21.
fxe5 Qxe5 22. Qf2 Qc7 23. Bb3 Be5 24. h3 Bd6 25. Nc4 Bc5 26. Ne3 f5 27. g3 Qb6
28. Rae1 g5 29. Kh2 f4 30. gxf4 Kh8 31. Qg3 gxf4 32. Rxf4 Rg8 33. Rg4 Rxg4 34.
Nxg4 Bd7 35. Ne5 Qc7 36. Rf1 Ra8 37. Rf7 1-0

[Event "DEM U10/U10w 2000"]
[Site "Überlingen GER"]
[Date "2000.06.05"]
[Round "4"]
[White "Rudolf, Sebastian"]
[Black "Mandery, Markus"]
[Result "1/2-1/2"]
[Termination "normal"]
[Board "6"]
[WhiteElo "1063"]
[BlackElo "1454"]
[PlyCount "102"]
[WhiteFideId "24609390"]
[BlackFideId "24607126"]
[EventCountry "GER"]
[EventRounds "11"]
[EventType "swiss"]
[EventDate "2000.06.03"]

1. e4 e6 2. d4 d5 3. Nd2 dxe4 4. Nxe4 Nd7 5. Nf3 Ndf6 6. Nxf6+ Nxf6 7. Bd3 Be7
8. O-O O-O 9. Bf4 b6 10. c3 Bb7 11. Re1 Rc8 12. Qc2 h6 13. Rad1 Bxf3 14. gxf3
Nd5 15. Bg3 Bg5 16. Kh1 Qf6 17. Be4 Nf4 18. Bxf4 Bxf4 19. Rg1 h5 20. Rg2 Kh8
21. Rdg1 g5 22. h4 g4 23. Rd1 Qxh4+ 24. Kg1 Rg8 25. Kf1 gxf3 26. Rxg8+ Rxg8 27.
Bxf3 Qh2 28. Ke2 Qh4 29. Rh1 Bh2 30. Qc1 Rg6 31. b4 Rf6 32. Qe3 Rg6 33. Qc1 e5
34. dxe5 Qc4+ 35. Ke1 Re6 36. Be2 Rxe5 37. Qh6+ Kg8 38. Qd2 Bf4 39. Qc2 Rxe2+
40. Qxe2 Qxc3+ 41. Kf1 Qc1+ 42. Qe1 Qc4+ 43. Kg1 Qc6 44. Qb1 Qg6+ 45. Qxg6+
fxg6 46. Kg2 Bd6 47. a3 Kf7 48. Re1 g5 49. Kf3 h4 50. Kg4 Bf4 51. b5 Kf6
1/2-1/2

[Event "DEM U10/U10w 2000"]
[Site "Überlingen GER"]
[Date "2000.06.05"]
[Round "4"]
[White "Dinger, Florian"]
[Black "Erben, Larissa"]
[Result "1-0"]
[Termination "normal"]
[Board "7"]
[WhiteElo "1135"]
[BlackElo "918"]
[PlyCount "139"]
[WhiteFideId "24605573"]
[BlackFideId "24634590"]
[EventCountry "GER"]
[EventRounds "11"]
[EventType "swiss"]
[EventDate "2000.06.03"]

1. e4 e5 2. Nf3 Nc6 3. d4 exd4 4. Nxd4 Nf6 5. e5 Nxe5 6. Qe2 Qe7 7. Bf4 Ng6 8.
Qxe7+ Bxe7 9. Bxc7 Nd5 10. Bg3 Bc5 11. Nb3 d6 12. Bb5+ Bd7 13. Bxd7+ Kxd7 14.
O-O Nb4 15. Nxc5+ dxc5 16. Na3 Rhd8 17. c3 Nd3 18. b3 Ke8 19. Nc2 Kf8 20. b4
cxb4 21. Nxb4 Nxb4 22. cxb4 Rd4 23. Rad1 Rad8 24. Rxd4 Rxd4 25. a4 Nf4 26. Bxf4
Rxf4 27. Rb1 Ke7 28. Kf1 Re4 29. f3 Rh4 30. h3 f5 31. Ke2 Kf6 32. Ke3 Kg5 33.
a5 Rc4 34. Kd3 Rc6 35. b5 Re6 36. Rb2 Kh4 37. a6 bxa6 38. bxa6 Rxa6 39. Rb7 g5
40. Rxh7+ Kg3 41. Rg7 Rd6+ 42. Ke2 a5 43. Rxg5+ Kf4 44. Rg7 Ra6 45. g3+ Ke5 46.
Re7+ Kf6 47. Re3 a4 48. Ra3 Re6+ 49. Kd3 Rd6+ 50. Kc4 Rc6+ 51. Kb4 Rb6+ 52.
Kxa4 Ra6+ 53. Kb4 Rxa3 54. Kxa3 Kg5 55. f4+ Kg6 56. Kb3 Kh6 57. Kc4 Kg6 58. Kd5
Kf6 59. Kd6 Kg6 60. Ke6 Kh5 61. Kxf5 Kh6 62. g4 Kg7 63. h4 Kh7 64. g5 Kh8 65.
Kg6 Kg8 66. f5 Kh8 67. f6 Kg8 68. f7+ Kf8 69. h5 Ke7 70. Kg7 1-0

[Event "DEM U10/U10w 2000"]
[Site "Überlingen GER"]
[Date "2000.06.05"]
[Round "4"]
[White "Ohme, Melanie"]
[Black "Scheerer, Kim"]
[Result "1-0"]
[Termination "normal"]
[Board "8"]
[WhiteElo "1121"]
[BlackElo "879"]
[PlyCount "77"]
[WhiteFideId "4690745"]
[EventCountry "GER"]
[EventRounds "11"]
[EventType "swiss"]
[EventDate "2000.06.03"]

1. e4 e5 2. Nf3 Nc6 3. Bc4 Bc5 4. c3 Nf6 5. d4 exd4 6. cxd4 Bb4+ 7. Bd2 Bxd2+
8. Nbxd2 d5 9. exd5 Nxd5 10. O-O O-O 11. Ne4 Bg4 12. Qd3 Nf4 13. Qd2 Bxf3 14.
gxf3 Ng6 15. Rad1 Nh4 16. Qf4 h6 17. Kh1 g5 18. Rg1 Nxd4 19. Nf6+ Kg7 20. Nh5+
Kg8 21. Qxh4 Nxf3 22. Rxd8 Nxh4 23. Rxa8 Rxa8 24. f4 Nf3 25. Rg3 Nd2 26. Bd3
Re8 27. Nf6+ Kf8 28. Nxe8 Kxe8 29. fxg5 hxg5 30. Rxg5 Ke7 31. Rg7 Kf6 32. Rg8
Ke6 33. Ra8 a6 34. Rb8 b6 35. Bxa6 Kd6 36. Be2 f5 37. Rf8 Ke5 38. Kg2 f4 39. h4
1-0

[Event "DEM U10/U10w 2000"]
[Site "Überlingen GER"]
[Date "2000.06.05"]
[Round "4"]
[White "Fink, Leander"]
[Black "Savchenko, Oleksey"]
[Result "0-1"]
[Termination "normal"]
[Board "9"]
[WhiteElo "712"]
[BlackElo "1329"]
[PlyCount "132"]
[WhiteFideId "24605247"]
[BlackFideId "24611727"]
[EventCountry "GER"]
[EventRounds "11"]
[EventType "swiss"]
[EventDate "2000.06.03"]

1. e4 e5 2. Nf3 Nf6 3. Nc3 Bb4 4. Bc4 O-O 5. Nxe5 d6 6. Nf3 Bxc3 7. bxc3 Nxe4
8. O-O d5 9. Bb3 Bg4 10. c4 d4 11. Re1 Nf6 12. Bb2 c5 13. Ba3 b6 14. d3 Re8 15.
Rxe8+ Qxe8 16. Rc1 Qe7 17. h3 Bh5 18. c3 dxc3 19. Rxc3 Nc6 20. Ba4 Nd4 21. g4
Ne2+ 22. Kg2 Nxc3 23. Qc2 Nxa4 24. gxh5 b5 25. cxb5 Nb6 26. Bxc5 Qc7 27. Nd4 a6
28. a3 Nbd7 29. Nc6 axb5 30. Ne7+ Kh8 31. d4 Nxc5 32. Qxc5 Qxc5 33. dxc5 Rxa3
34. c6 Ne8 35. Nd5 Ra8 36. Nb6 b4 37. Nd5 b3 38. Kf1 b2 39. Nc3 Rb8 40. Nb1 Ra8
41. Nc3 Ra1+ 42. Ke2 b1=Q 43. Nxb1 Rxb1 44. Kd3 Rc1 45. f4 Rxc6 46. h4 Rh6 47.
Ke3 Rxh5 48. Kf3 Rxh4 49. Kg3 Rxf4 50. Kxf4 h5 51. Kg5 Nf6 52. Kh4 g6 53. Kg5
Kh7 54. Kh4 Kh6 55. Kh3 g5 56. Kg3 h4+ 57. Kh3 Kh5 58. Kg2 g4 59. Kh2 g3+ 60.
Kh3 Kg5 61. Kg2 Kg4 62. Kh1 Kf3 63. Kg1 g2 64. Kh2 Kf2 65. Kh3 g1=Q 66. Kxh4
Qg4# 0-1

[Event "DEM U10/U10w 2000"]
[Site "Überlingen GER"]
[Date "2000.06.05"]
[Round "4"]
[White "Geilfuss, Albert"]
[Black "Hofmann, Christine"]
[Result "1/2-1/2"]
[Termination "normal"]
[Board "11"]
[WhiteElo "1297"]
[BlackElo "966"]
[PlyCount "132"]
[EventCountry "GER"]
[EventRounds "11"]
[EventType "swiss"]
[EventDate "2000.06.03"]

1. e4 c6 2. d4 d5 3. exd5 cxd5 4. Bd3 Nc6 5. c3 e5 6. dxe5 Nxe5 7. Bb5+ Bd7 8.
Qxd5 Nc6 9. Bxc6 Bxc6 10. Qxd8+ Rxd8 11. f3 Nf6 12. Be3 a6 13. Ne2 Bd6 14. O-O
O-O 15. Bg5 Bb5 16. Bxf6 Bxe2 17. Bxd8 Bxf1 18. Kxf1 Rxd8 19. Nd2 Bxh2 20. Re1
h6 21. Nc4 Bg3 22. Rc1 b5 23. Nb6 Bc7 24. Na4 bxa4 25. Rc2 Bg3 26. c4 Re8 27.
Rc1 Rc8 28. b4 axb3 29. axb3 Kf8 30. b4 Bd6 31. c5 Ke8 32. Ke2 Be7 33. Kd3 Kd7
34. Kd4 Kc6 35. Rb1 Kb5 36. g3 a5 37. bxa5+ Kxa5 38. Rc1 Kb5 39. Rb1+ Ka5 40.
Rc1 Rd8+ 41. Kc4 Bxc5 42. Ra1+ Kb6 43. Rb1+ Kc6 44. Ra1 Rd4+ 45. Kc3 f5 46.
Ra6+ Kd5 47. Rg6 Bf8 48. g4 fxg4 49. Rxg4 Rxg4 50. fxg4 Ke5 51. Kd3 Kf4 52. Ke2
Kxg4 53. Kf2 h5 54. Kg2 h4 55. Kh2 Bd6+ 56. Kg2 h3+ 57. Kg1 h2+ 58. Kg2 Kh4 59.
Kh1 g5 60. Kg2 g4 61. Kh1 g3 62. Kg2 Kg4 63. Kh1 Kf4 64. Kg2 h1=Q+ 65. Kxh1 Kf3
66. Kg1 g2 1/2-1/2

[Event "DEM U10/U10w 2000"]
[Site "Überlingen GER"]
[Date "2000.06.05"]
[Round "4"]
[White "Aghadjanian, Annie"]
[Black "Müller, Jan Hendrik"]
[Result "1-0"]
[Termination "normal"]
[Board "13"]
[WhiteElo "843"]
[BlackElo "1144"]
[PlyCount "141"]
[BlackFideId "24615048"]
[EventCountry "GER"]
[EventRounds "11"]
[EventType "swiss"]
[EventDate "2000.06.03"]

1. e4 e5 2. Nf3 Nc6 3. Bc4 Bc5 4. d3 Nf6 5. Bg5 Be7 6. Nc3 d6 7. O-O Bg4 8. Bb5
O-O 9. Bxc6 bxc6 10. Re1 Nd7 11. Bxe7 Qxe7 12. Rb1 Qe6 13. Ng5 Bxd1 14. Nxe6
Bxc2 15. Nxf8 Nc5 16. Rbc1 Nxd3 17. Rxc2 Nxe1 18. Rd2 Kxf8 19. Kf1 Nxg2 20.
Kxg2 Rb8 21. b3 Rb6 22. Rb2 c5 23. Nd5 Rb7 24. a3 c4 25. b4 c6 26. Ne3 c3 27.
Rc2 Ke7 28. Rxc3 Kd7 29. Rb3 a5 30. Nf5 g6 31. Nh6 f6 32. Ng4 h5 33. Ne3 Rb5
34. Nc2 c5 35. a4 Rb6 36. b5 Ke6 37. Kg3 d5 38. Kf3 dxe4+ 39. Kxe4 f5+ 40. Kd3
Kd5 41. Ne3+ Ke6 42. Nc4 Rb8 43. Nxa5 Kd5 44. Nc4 e4+ 45. Kc3 f4 46. b6 e3 47.
fxe3 f3 48. Rb2 g5 49. Kd3 g4 50. Nd2 Kc6 51. a5 Kb7 52. Ne4 Ka6 53. Nxc5+ Kxa5
54. b7 h4 55. Kd2 g3 56. hxg3 hxg3 57. Ke1 f2+ 58. Kf1 Rg8 59. Kg2 Rf8 60. Rb1
Re8 61. Nd7 Ka6 62. b8=Q Rxb8 63. Rxb8 Ka7 64. e4 Ka6 65. e5 Ka7 66. e6 Ka6 67.
e7 Ka5 68. e8=Q Ka6 69. Nc5+ Ka7 70. Qd7+ Kxb8 71. Qb7# 1-0